000 01261cam a22001934a 4500
005 20250605164359.0
008 250528s ||||||||||||||||||||||||d
035 _a24508
040 _aGR-AtMCL
_bgre
_dGR-AtMCL
_eAACR2
245 1 _aΟι Μεγάλες Προκλήσεις του 2015 για τους Marketing Directors
260 _c2015
300 _a34
520 _aΓραφειοκρατία και Φορολογία 'Πιέζουν' τη Γυναικεία Επιχειρηματικότητα, Βασικό Ζητούμενο η Καινοτομία στη Διαφήμιση, Παράδοση και Προσφορές και Νέα Λανσαρίσματα Περιορίζουν τις Απώλειες, Top Profitability Practices: Από τα Ρεκόρ αφίξεων και στα Ρεκόρ Κερδοφορίας, E-Commerce: Ισχυρή Ανάπτυξη το 2014 και Θετικές Προβλέψεις για το 2015, Κώστας Αμπλιανίτης: Διεύρυνση Προϊόντικής Γκάμας και Πάντα με Άξονα την Καινοτομία.
700 1 _aΚορδελάς Δημήτρης
_99464
942 _cCR
710 2 _aThe Marketing Week
_99825
999 _c9385
_d9385